Dáša Ubrová

Další autoři: Ubrová, Dagmar, 1970-, Svatoš, Vojtěch, Šmíd, Pavel, 1989-
Jazyk: Čeština
Vydáno: Brno : Indies Happy Trails, [2018?]
Témata:
Fyzický popis: 1 CD audio ; 12 cm
Zvukové nahrávky
Uloženo v:
LEADER 02044njm a2200529 i 4500
001 001663313
003 CZ BrMZK
005 20230405130251.0
007 sd fungnnmmned
008 190109s2018 xr munng d n cze
024 3 |a 8595026676626 
028 0 1 |a MAM766-2  |b Indies Happy Trails 
040 |a BOA001  |b cze  |e rda 
045 |a y1y2 
047 |a pp  |a jz  |a bl 
072 7 |x Populární hudba. Populární písně. Populární taneční hudba  |a 78.011.26  |2 Konspekt  |9 9 
080 |a 82-192  |2 MRF 
080 |a 78.036.9.011.26  |2 MRF 
080 |a 784.4.011.26  |2 MRF 
080 |a (086.76)  |2 MRF 
245 0 0 |a Dáša Ubrová 
264 1 |a Brno :  |b Indies Happy Trails,  |c [2018?] 
300 |a 1 CD audio ;  |c 12 cm 
336 |a hraná hudba  |b prm  |2 rdacontent 
337 |a audio  |b s  |2 rdamedia 
338 |a audiodisk  |b sd  |2 rdacarrier 
344 |a digital  |b optical  |2 rda 
347 |a audio soubor  |b CD audio  |2 rda 
500 |a Název z disku 
500 |a Hudba většinou Vojtěch Svatoš a Pavel Šmíd ; texty Dáša Ubrová 
500 |a Texty písní, informace o interpretech a hudbě (10 stran) v pouzdře 
505 0 0 |t Krok k cíli --  |t Kostky --  |t Kapka deště --  |t Šťastná otázka --  |t Prostor a čas --  |t V poutech lásky žárlivé --  |t Svatební rozvod blues --  |t Kronika --  |t Zůstávám tebou --  |t Sudičky --  |r Sám 
511 1 |a Dáša Ubrová a další 
518 |o Nahráno  |p Sono Records Studio 
648 7 |a 2011-2020  |7 ch460589 
650 0 7 |a zhudebněná poezie  |7 ph231002  |2 czenas 
650 0 7 |a jazz  |7 ph121330  |2 czenas 
650 0 7 |a blues  |7 ph118940  |2 czenas 
650 0 7 |a populární písně  |7 ph124354  |y 2011-2020  |2 czenas 
655 7 |a kompaktní disky  |7 fd201991  |2 czenas 
700 1 |a Ubrová, Dagmar,  |d 1970-  |7 mzk2004148594  |4 sng  |4 lyr 
700 1 |a Svatoš, Vojtěch  |4 cmp 
700 1 |a Šmíd, Pavel,  |d 1989-  |7 xx0259812  |4 cmp 
910 |a BOA001  |b CDR-1419.552 
990 |a AV 
991 |b 201902 
996 6 |b 2610767716  |c CDR-1419.552  |l MZK  |r Sklad / do 24 hodin  |n 0  |p p.v.  |w 001702705  |u 000010  |a 1  |e BOA001  |j MZK50  |s P